000 01386nam a22002657a 4500
005 20170124102927.0
010 _aB-051878
020 _c200.00
_a8187368624
035 _aB-051878
037 _bCen Lib/Ret
040 _aDPL
_bHN
082 _a811
_bकालिदा
100 _aकालिदास
_944092
245 _aकविसम्राट कालिदास की अमर कृति 'मेघदूत' का हिन्दी पद्यानुवाद /
_cकालिदास; अनुवादक कृष्ण गोपाल श्रीवास्तव
246 _aKavisamraat kālidāsa kī amara kr̥ti "Meghadūta" kā Hindī padyānuvāda /
_bby Kalidas; anuvadak Krishan Gopal Shrivastva
260 _aनयी दिल्ली
_bनमन प्रकाशन
_c2001
270 _a४३७८/4B, अंसारी रोड, दरिया गंज
_bनयी दिल्ली
_e10002
300 _a160पृ.
_c19सेमी (असजिल्द)
650 _aसंस्कृत साहित्य
_9442
650 _aसंस्कृत कविता
_944093
650 _aSanskrit Literature
_944094
650 _aSanskrit poetry
_923010
700 _aश्रीवास्तव, कृष्ण गोपाल
_944095
942 _2ddc
_cHN
_h811
_mकालिदा
999 _c111688
_d111688